[Event "FRA-ch op-D"]
[Site "Albi"]
[Date "2022.08.14"]
[Round "2"]
[White "Loquet, Adam"]
[Black "Romagne, Thomas"]
[Result "1-0"]
[WhiteElo "1544"]
[BlackElo "1432"]
[PlyCount "50"]
[EventDate "2022.08.13"]
[EventType "swiss"]
[EventRounds "9"]
[EventCountry "FRA"]
[SourceTitle "CBM 210 Extra"]
[Source "ChessBase"]
[SourceDate "2022.11.30"]
[SourceVersion "1"]
[SourceVersionDate "2022.11.30"]
[SourceQuality "1"]

1. d4 Nf6 2. c4 g6 3. Nc3 d5 4. Bf4 Bg7 5. e3 0-0 6. Nf3 c5 7. dxc5 Qa5 8. Rc1 Ne4 9. Qb3 Nxc3 10. bxc3 dxc4 11. Bxc4 Qxc5 12. 0-0 Nc6 13. Ng5 Qf5 14. Rfd1 Na5 15. Bxf7+ Qxf7 16. Qb5 Qf6 17. Qxa5 e5 18. Qd5+ Kh8 19. Ne4 Qf5 20. Bg3 Be6 21. Qd3 Bxa2 22. Nd6 Qxd3 23. Rxd3 b5 24. Rd2 Rfd8 25. Rcd1 Bb3 1-0